Šimončič, Stanislav Igor: Ekonomická kybernetika

Bibliographic Details
Main Authors: Görcs, Ivan (Author), Šimončič, Stanislav Igor, 1937- (Author)
Format: Article
Language:Slovak
Subjects:

MARC

LEADER 00000nab a2200000 a 4500
001 vtls000291515
003 SK-MaSNL
005 20260304075317.0
008 250422c1987 xo 0 slo
015 |a SNBRB19rr/mm-uuuuu 
035 |a CL0301634 
035 |a urn:nbn:sk:snk-ab6qsz 
035 |a (uuid)7cc7a847-000a-45d4-b54b-2cf1d8d09fe4 
035 |a (urnnbn)urn:nbn:sk:snk:ar-a059h3 
035 |a (sysno)vtls000291515 
040 |a SNKBUCL  |b slo  |c SNKBUCL  |e AACR2 
041 0 |a slo 
044 |a xo  |c SK 
080 |a 519.7:33  |2 1981 
080 |a 33  |2 1981 
100 1 |a Görcs, Ivan  |4 aut  |9 425764 
245 1 0 |a Šimončič, Stanislav Igor: Ekonomická kybernetika  |c Ivan Görcs ; Stanislav Igor Šimončič 
650 0 7 |a ekonomika  |2 snkbucl  |9 789 
650 0 7 |a kybernetika  |2 snkbucl  |9 1125 
655 7 |a články z novín a časopisov  |2 snkbucl  |9 267496 
700 1 |a Šimončič, Stanislav Igor,  |d 1937-  |4 aut  |9 38189 
773 0 |t Ekonomický časopis  |g Roč. 35, č. 4 (1987), s. 387-389 
787 0 8 |i Rec.:  |a Šimončič, Stanislav Igor  |t Ekonomická kybernetika  |d Bratislava : Alfa, 1986 
850 |a Slovenská národná knižnica 
852 |a Slovenská národná knižnica 
954 |a odborná, vedecká literatúra pôvodná (slovenská)  |2 lita 
958 |a article27 
958 |a RK 
958 |a OND 
958 |a EUIPO 
992 |a RBX 
999 |c 2780713  |d 2782643